[Event "AUTO-ADV-1312"]
[Site "http://www.queenalice.com/game.php?id=680994"]
[Date "2009.11.10"]
[Round "2"]
[White "Malvada"]
[Black "Pablyx"]
[Result "0-1"]
[WhiteElo "2255"]
[BlackElo "2250"]

1. e4 c5 2. Nf3 d6 3. c3 Nf6 4. e5 dxe5 5. Nxe5 Nbd7 6. Bb5 a6 7. Bxd7+ Nxd7 8.
Nf3 Nf6 9. O-O Bg4 10. h3 Bh5 11. d4 cxd4 12. cxd4 e6 13. Nc3 Be7 14. Re1 b5 15.
Be3 Rc8 16. g4 Bg6 17. Ne5 Nd7 18. Nd3 Bxd3 19. Qxd3 h5 20. d5 hxg4 21. dxe6 Ne5
22. exf7+ Kf8 23. Qf5 Nf3+ 24. Kg2 Nh4+ 0-1

[Event "AUTO-ADV-1312"]
[Site "http://www.queenalice.com/game.php?id=680995"]
[Date "2009.11.10"]
[Round "2"]
[White "Pablyx"]
[Black "Malvada"]
[Result "1/2-1/2"]
[WhiteElo "2262"]
[BlackElo "2216"]

1. e4 c6 2. d4 d5 3. e5 Bf5 4. g4 Be4 5. Nf3 h6 6. Nbd2 Bh7 7. Nb3 e6 8. Be3 Ne7
9. c3 Be4 10. Nbd2 Bg6 11. Qb3 b6 12. Bg2 Qc7 13. Nh4 Bh7 14. f4 Nd7 15. Nhf3 c5
16. Rc1 c4 17. Qd1 Bd3 18. Nf1 Nc6 19. Bf2 b5 20. a3 a5 21. Ne3 b4 22. axb4 axb4
23. Ra1 Qb7 24. Bh4 Ra6 25. Rxa6 Qxa6 26. Kf2 b3 27. Qa1 1/2-1/2

[Event "AUTO-ADV-1312"]
[Site "http://www.queenalice.com/game.php?id=680998"]
[Date "2009.11.10"]
[Round "2"]
[White "Pablyx"]
[Black "Eduarte"]
[Result "1-0"]
[WhiteElo "2260"]
[BlackElo "1965"]

1. e4 e5 2. Nf3 Nc6 3. Bc4 Be7 4. d4 exd4 5. Nxd4 Bf6 6. Nxc6 bxc6 7. Qh5 g6 8.
Qf3 Qe7 9. O-O Bg7 10. Nc3 Nf6 11. e5 Ng8 12. Bg5 f6 13. exf6 1-0

[Event "AUTO-ADV-1312"]
[Site "http://www.queenalice.com/game.php?id=680999"]
[Date "2009.11.10"]
[Round "2"]
[White "Eduarte"]
[Black "Pablyx"]
[Result "0-1"]
[WhiteElo "1969"]
[BlackElo "2257"]

1. e4 e6 2. d4 d5 3. Nd2 dxe4 4. Nxe4 Be7 5. Nf3 Nf6 6. Nxf6+ Bxf6 7. Bd3 c5 8.
c3 cxd4 9. cxd4 Qb6 10. O-O Nc6 11. Be3 Qxb2 12. Bb5 Qxb5 0-1

[Event "AUTO-OPEN-1522"]
[Site "http://www.queenalice.com/game.php?id=702159"]
[Date "2009.12.23"]
[Round "3"]
[White "Pablyx"]
[Black "lfcpol"]
[Result "1-0"]
[WhiteElo "2261"]
[BlackElo "2096"]

1. e4 e5 2. Nf3 Nc6 3. Bc4 Nf6 4. Ng5 Bc5 5. Nxf7 Bxf2+ 6. Kf1 Qe7 7. Nxh8 d5 8.
exd5 Bg4 9. Be2 Bxe2+ 10. Qxe2 Nd4 11. Qd1 O-O-O 12. d6 cxd6 13. c3 Rf8 14. cxd4
exd4 15. d3 Nd5 16. Qg4+ Kb8 17. Qe4 Ne3+ 18. Ke2 Qd7 19. Na3 Re8 20. Qf3 Ng4+
21. Kd1 Be3 22. Bxe3 dxe3 23. Re1 Qa4+ 24. Ke2 Qb4 25. Nc4 b5 26. Qxg4 bxc4 27.
Kf1 Rxh8 28. Qxc4 Qd2 29. Qb5+ Ka8 30. Qd5+ Kb8 31. Qxd6+ Ka8 32. Re2 1-0

[Event "AUTO-OPEN-1522"]
[Site "http://www.queenalice.com/game.php?id=702160"]
[Date "2009.12.23"]
[Round "3"]
[White "lfcpol"]
[Black "Pablyx"]
[Result "0-1"]
[WhiteElo "2105"]
[BlackElo "2253"]

1. e4 e6 2. d4 d5 3. Nc3 dxe4 4. Nxe4 Nd7 5. Nf3 Ngf6 6. Bd3 c5 7. O-O cxd4 8.
Nxd4 Nxe4 9. Bxe4 Qb6 10. Nb3 Bd6 11. Be3 Qc7 12. g3 Nf6 13. Bg2 O-O 14. a4 Rd8
15. Qe2 e5 16. h3 Be6 17. Nd2 Qc8 18. Kh2 Qxc2 19. Bxb7 Rab8 20. Bf3 Rxb2 21.
Rfc1 Qf5 22. g4 e4+ 23. Kg1 Qxf3 24. Qf1 Rxd2 25. Bxd2 Bh2+ 26. Kxh2 Rxd2 27.
Kg1 e3 28. Rc5 Rxf2 0-1

[Event "AUTO-OPEN-1532"]
[Site "http://www.queenalice.com/game.php?id=800819"]
[Date "2010.7.9"]
[Round "3"]
[White "Pablyx"]
[Black "Plotnnikov"]
[Result "0-1"]
[WhiteElo "2267"]
[BlackElo "2471"]

1. e4 c5 2. Nf3 d6 3. d4 cxd4 4. Nxd4 Nf6 5. Nc3 a6 6. Be2 e5 7. Nf3 h6 8. Bc4
Nc6 9. O-O Be7 10. Re1 O-O 11. Nd5 Be6 12. c3 Na5 13. Nxf6+ Bxf6 14. Bd5 Qc7 15.
Qd3 Rad8 16. b3 Nc6 17. Bb2 Bxd5 18. exd5 Nb8 19. Nd2 Nd7 20. Qe2 Be7 21. c4 f5
0-1

[Event "AUTO-OPEN-1532"]
[Site "http://www.queenalice.com/game.php?id=800820"]
[Date "2010.7.9"]
[Round "3"]
[White "Evandrobit"]
[Black "Pablyx"]
[Result "1/2-1/2"]
[WhiteElo "2251"]
[BlackElo "2268"]

1. e4 c5 2. Nf3 Nc6 3. d4 cxd4 4. Nxd4 e5 5. Nb5 a6 6. Nd6+ Bxd6 7. Qxd6 Qe7 8.
Qxe7+ Ngxe7 9. Bc4 b5 10. Be2 d5 11. exd5 Nxd5 12. c3 O-O 13. O-O 1/2-1/2

[Event "AUTO-OPEN-1532"]
[Site "http://www.queenalice.com/game.php?id=800821"]
[Date "2010.7.9"]
[Round "3"]
[White "Pablyx"]
[Black "Evandrobit"]
[Result "0-1"]
[WhiteElo "2261"]
[BlackElo "2238"]

1. e4 c5 2. Nf3 d6 3. d4 cxd4 4. Nxd4 Nf6 5. Nc3 a6 6. Be2 e6 7. O-O b5 8. Bf3
Nfd7 9. a4 b4 10. Na2 a5 11. c3 bxc3 12. Nxc3 Bb7 13. Ndb5 Ne5 14. Be2 Na6 15.
Be3 Rc8 16. f4 Nc6 17. f5 Nc5 18. fxe6 fxe6 19. Rxf8+ Kxf8 0-1

[Event "AUTO-OPEN-3187"]
[Site "http://www.queenalice.com/game.php?id=1256136"]
[Date "2014.2.13"]
[Round "1"]
[White "dladuke7"]
[Black "Pablyx"]
[Result "0-1"]
[WhiteElo "1722"]
[BlackElo "2248"]

1. e4 e5 2. Nf3 Nc6 3. Bc4 Bc5 4. O-O d6 5. h3 Nf6 6. Nc3 O-O 7. d3 Be6 8. Bxe6
fxe6 9. Bg5 h6 10. Bxf6 Qxf6 11. Nh2 Bxf2+ 12. Kh1 Qg6 13. Nf3 Bb6 14. a3 Nd4
15. Nxd4 Rxf1+ 16. Qxf1 Bxd4 17. Nb5 Bb6 18. c4 Rf8 19. Qe2 Rf2 20. Qg4 Qxg4 21.
hxg4 Rxb2 22. Kh2 a6 23. Nc3 Bd4 24. Nd1 Rxg2+ 25. Kxg2 Bxa1 26. a4 Bd4 27. Kf3
Kf7 28. Kg3 Kf6 29. Kh4 c6 30. Kg3 b5 31. axb5 axb5 32. cxb5 cxb5 33. Kf3 b4 34.
Ke2 b3 35. Kd2 Kg5 0-1

[Event "AUTO-OPEN-3187"]
[Site "http://www.queenalice.com/game.php?id=1256137"]
[Date "2014.2.13"]
[Round "1"]
[White "Pablyx"]
[Black "dladuke7"]
[Result "1-0"]
[WhiteElo "2249"]
[BlackElo "1714"]

1. e4 e5 2. Nf3 Nc6 3. Bc4 h6 4. d4 exd4 5. Nxd4 Nxd4 6. Qxd4 Nf6 7. Nc3 Bd6 8.
Nb5 O-O 9. Nxd6 cxd6 10. O-O Re8 11. f3 b6 12. Qxd6 Bb7 13. b3 Rc8 14. Bb2 Rc6
15. Qd4 Qe7 16. a4 Qc5 17. Qxc5 Rxc5 18. Bxf6 gxf6 19. Rfd1 Bc6 20. Rd6 f5 21.
exf5 Kg7 22. f6+ Kg6 23. Rad1 Rf5 24. Bd3 Re5 25. Bxf5+ Rxf5 26. R1d4 Re5 27.
Rg4+ Kh5 28. Kf2 Rc5 29. c4 b5 30. axb5 Bb7 31. Rg7 a6 32. bxa6 Ba8 33. Kg3 Ra5
34. a7 Rxa7 35. Rd4 1-0

[Event "AUTO-OPEN-3187"]
[Site "http://www.queenalice.com/game.php?id=1256164"]
[Date "2014.2.13"]
[Round "1"]
[White "NatanEstivallet"]
[Black "Pablyx"]
[Result "0-1"]
[WhiteElo "2075"]
[BlackElo "2250"]

1. e4 e5 2. Nf3 Nc6 3. Bb5 a6 4. Ba4 b5 5. Bb3 Nf6 6. d3 Bc5 7. c3 d5 8. d4 exd4
9. e5 Ne4 10. cxd4 Bb4+ 11. Bd2 Nxd2 12. Nbxd2 Bg4 13. Qc2 Qd7 14. O-O-O Bf5 0-1

[Event "AUTO-OPEN-3187"]
[Site "http://www.queenalice.com/game.php?id=1256165"]
[Date "2014.2.13"]
[Round "1"]
[White "Pablyx"]
[Black "NatanEstivallet"]
[Result "1-0"]
[WhiteElo "2257"]
[BlackElo "1945"]

1. e4 c5 2. Nf3 d6 3. c3 Nc6 4. d4 Nf6 5. d5 Ne5 6. Nxe5 dxe5 7. Qb3 Qb6 8. Bb5+
Bd7 9. Bxd7+ Nxd7 10. Nd2 g6 11. Nc4 Qxb3 12. axb3 Bg7 13. Ke2 O-O 14. Be3 b6
15. Ra6 Nb8 16. Ra2 Nd7 17. Rha1 a5 18. b4 b5 19. Nxa5 cxb4 20. Nc6 Rxa2 21.
Nxe7+ Kh8 22. Rxa2 bxc3 23. bxc3 Bf6 24. Nc6 Bg7 25. Ra7 Nf6 26. f3 Nh5 27. d6
1-0

[Event "AUTO-OPEN-3187"]
[Site "http://www.queenalice.com/game.php?id=1256182"]
[Date "2014.2.13"]
[Round "1"]
[White "Rickritchee"]
[Black "Pablyx"]
[Result "0-1"]
[WhiteElo "1917"]
[BlackElo "2269"]

1. e4 c5 2. Nf3 Nc6 3. Bc4 e5 4. d3 Be7 5. O-O d6 6. a3 Nf6 7. Nc3 O-O 8. b4
cxb4 9. axb4 Nxb4 10. Bb2 Bg4 11. Nb1 Bxf3 12. gxf3 a6 13. Kh1 Nh5 14. Rg1 Nf4
15. c3 d5 16. exd5 Nbxd5 17. Qe1 Re8 18. Qe4 Nf6 19. Qxe5 Nxd3 20. Bxd3 Qxd3 21.
Qe3 Qc2 22. Bc1 Rad8 23. Bd2 Bf8 24. Qf4 Nd5 25. Qh4 Qd3 26. Qg3 g6 27. f4 Qe2
28. Re1 Qc4 0-1

[Event "AUTO-OPEN-3187"]
[Site "http://www.queenalice.com/game.php?id=1256183"]
[Date "2014.2.13"]
[Round "1"]
[White "Pablyx"]
[Black "Rickritchee"]
[Result "1-0"]
[WhiteElo "2270"]
[BlackElo "1915"]

1. e4 e5 2. Nf3 Nc6 3. Bc4 Be7 4. d4 exd4 5. Nxd4 Ne5 6. Bb3 Nf6 7. f4 Nc6 8.
Nxc6 bxc6 9. Nc3 Bb4 10. O-O Bxc3 11. bxc3 Nxe4 12. Qd4 Nf6 13. Re1+ Kf8 14. Qc4
Nd5 15. Ba3+ Kg8 16. Be7 Qe8 17. Bd6 Qd8 18. Bxc7 Qf8 19. Bd6 Ba6 20. Qc5 Qd8
21. c4 Nf6 22. Re7 Bb7 23. Qe5 c5 24. Bxc5 a5 25. a4 Qc8 26. Re1 h6 27. Re3 Ra6
28. Rg3 Rh7 29. Bd6 1-0

[Event "AUTO-ELITE-1291"]
[Site "http://www.queenalice.com/game.php?id=1258630"]
[Date "2014.2.21"]
[Round "1"]
[White "Luc_2010"]
[Black "Pablyx"]
[Result "1-0"]
[WhiteElo "2354"]
[BlackElo "2277"]

1. g4 d5 2. c4 dxc4 3. Qa4+ Qd7 4. Qxc4 Qxg4 5. Qxc7 Nf6 6. d3 Na6 7. Qg3 Nb4 8.
Na3 g6 9. Bd2 a5 10. Nb5 Qxg3 11. hxg3 Kd8 12. Rc1 Nxa2 13. Ra1 Bd7 14. Rxa2
Bxb5 15. Rxa5 Rxa5 16. Bxa5+ Kc8 17. Nf3 Bg7 18. Bc3 h5 19. Ne5 Be8 20. Rh4 Nd5
21. Rc4+ Nc7 22. f4 Kb8 23. Bh3 f6 24. Nd7+ Bxd7 25. Bxd7 Rd8 26. Bh3 e6 27. Ba5
Rd7 28. Rxc7 Rxc7 29. Bxc7+ Kxc7 30. Bxe6 g5 31. e3 h4 32. gxh4 gxh4 33. d4 Kd6
34. Bh3 b6 35. Kd2 Bf8 36. Kd3 Ke7 37. Ke4 1-0

[Event "AUTO-ELITE-1291"]
[Site "http://www.queenalice.com/game.php?id=1258631"]
[Date "2014.2.21"]
[Round "1"]
[White "Pablyx"]
[Black "Luc_2010"]
[Result "1/2-1/2"]
[WhiteElo "2275"]
[BlackElo "2356"]

1. e4 g6 2. Nc3 Bg7 3. Nf3 d6 4. d4 Nf6 5. Be2 O-O 6. O-O e5 7. dxe5 dxe5 8. Bg5
Qxd1 9. Raxd1 Nc6 10. Be3 a6 11. a3 b5 12. Rfe1 Bb7 13. Bg5 Nd4 14. Nxd4 exd4
15. e5 Nh5 16. Rxd4 Bxe5 17. Rd3 Nf4 18. Bxf4 Bxf4 19. Nd5 Bxd5 20. Rxd5 Rad8
21. Bf3 Rxd5 22. Bxd5 Rd8 23. Bb7 Be5 24. c3 a5 25. g3 Bf6 26. Re2 c5 27. Be4
Kg7 28. Kg2 Rd6 29. h3 b4 30. axb4 axb4 31. cxb4 cxb4 32. b3 h5 33. Ra2 h4 34.
Kf3 Bd4 35. Rd2 f5 36. Bc2 Kh6 37. Bd1 Be5 38. Rxd6 Bxd6 39. Kg2 Be7 1/2-1/2